[Event "Zagreb op"]
[Site "Zagreb"]
[Date "1999.??.??"]
[Round "3"]
[White "Kljako, Damir"]
[Black "Marangunic, Srdjan"]
[Result "1/2-1/2"]
[WhiteElo "2239"]
[BlackElo "2451"]

1.d4 d6 2.e4 g6 3.Nc3 Bg7 4.Nf3 Nf6 5.Be2 O-O 6.O-O c6 7.a4 Qc7 8.h3 Nbd7
9.Be3 b6 10.Nd2 Bb7 11.f4 e6 12.e5 Nd5 13.Nxd5 cxd5 14.Bd3 f6 15.exd6 Qxd6
16.c3 a5 17.Nf3 Ba6 18.Bxa6 Rxa6 19.Qe2 Raa8 20.g4 e5 21.fxe5 fxe5 22.Qh2 Qe6
23.dxe5 Nxe5 24.Nxe5 Bxe5 25.Qd2 Bc7 26.Rad1 Rxf1+ 27.Rxf1 Rf8 28.Rxf8+ Kxf8
29.Bf4 Bd6 30.Bxd6+ Qxd6 31.Qh6+ Kg8 32.Qe3 Kf7 33.Kg2 Qc6 34.Kg3 Qc5 35.Qd4 Ke6
36.Kf4  1/2-1/2

[Event "Zagreb op"]
[Site "Zagreb"]
[Date "1999.??.??"]
[Round "3"]
[White "Kutuzovic, Branko"]
[Black "Medak, Bojan"]
[Result "1-0"]
[WhiteElo "2465"]
[BlackElo "2163"]

1.e4 d6 2.Nc3 g6 3.d4 Bg7 4.Be3 c6 5.Qd2 b5 6.Nf3 Nd7 7.Bd3 Nb6 8.b3 Qc7
9.O-O Nf6 10.h3 O-O 11.a4 b4 12.Ne2 a5 13.c3 bxc3 14.Nxc3 Be6 15.Rab1 Rfb8
16.Rfc1 Qb7 17.Qc2 Ne8 18.Nd2 c5 19.dxc5 dxc5 20.Ne2 Rc8 21.Nf4 Bd7 22.Nc4 Bc6
23.Nxb6 Qxb6 24.Qxc5 Qb7 25.Nd5 Nd6 26.Nb6 Bb5 27.Nxc8 Rxc8 28.Qxc8+ Nxc8
29.Bxb5 Nd6 30.Bc6 Qa6 31.b4 axb4 32.Rxb4 Be5 33.Rc5 f6 34.f4 Qd3 35.Kf2 Bc3
36.Rb3 Be1+ 37.Kxe1 Qxb3 38.Bd5+  1-0

[Event "Zagreb op"]
[Site "Zagreb"]
[Date "1999.??.??"]
[Round "7"]
[White "Kutuzovic, Branko"]
[Black "Marangunic, Srdjan"]
[Result "0-1"]
[WhiteElo "2465"]
[BlackElo "2451"]

1.e4 g6 2.d4 Bg7 3.Nc3 d6 4.Be3 c6 5.Qd2 Nd7 6.f3 b5 7.h4 h6 8.Nh3 Nb6 9.Nf2 Nc4
10.Bxc4 bxc4 11.O-O-O h5 12.Kb1 Nf6 13.Ka1 Rb8 14.Qe1 Qc7 15.Rb1 Be6 16.Qd2 Rb7
17.Rhe1 Qa5 18.Bg5 Qc7 19.Re2 Qb6 20.Be3 Qc7 21.Bf4 Qd8 22.Rbe1 Qb6 23.Nfd1 Qd8
24.Bg5 Ng8 25.d5 Bd7 26.Bf4 Kf8 27.e5 dxe5 28.dxc6 Rc7 29.Bxe5 Rxc6 30.Bxg7+ Kxg7
31.Qd4+ Nf6 32.Rxe7 Be6 33.Qxd8 Rxd8 34.Rxa7 Rd2 35.Ne3 Rdd6 36.a4 Rb6 37.Rc7 Rd4
38.Kb1 Rxh4 39.Rd1 Rh2 40.Rd2 h4 41.Rd4 h3 42.gxh3 Rxh3 43.Rf4 Ra6 44.Nxc4 g5
45.Rd4 Rxf3 46.Nd2 Rh3 47.b4 g4 48.b5 Ra8 49.b6 Rb8 50.a5 Rh5 51.Ra7 g3 52.Rd3 Rh1+
53.Kb2 Nh5 54.Ne2 g2 55.Nf3 Bg4 56.Rc7 Rf1 57.Nfg1  0-1

[Event "Zagreb op"]
[Site "Zagreb"]
[Date "1999.??.??"]
[Round "9"]
[White "Vidovic, Sasa"]
[Black "Tomaic, Goran"]
[Result "1-0"]
[WhiteElo "2234"]
[BlackElo "2041"]

1.d4 g6 2.e4 d6 3.Nc3 Bg7 4.Be2 e6 5.Be3 Ne7 6.Qd2 Nd7 7.h4 c6 8.a4 b6 9.Bh6 Bxh6
10.Qxh6 Bb7 11.Nf3 Ng8 12.Qd2 Qe7 13.a5 Ngf6 14.e5 Nd5 15.Ne4 dxe5 16.dxe5 O-O
17.c4 Nc7 18.Qxd7 Qb4+ 19.Qd2  1-0

[Event "Zaragoza op 11th"]
[Site "Zaragoza"]
[Date "1999.??.??"]
[Round "4"]
[White "Stefanova, Antoaneta"]
[Black "Ramon Perez, Jose Luis"]
[Result "1/2-1/2"]
[WhiteElo "2450"]
[BlackElo "2255"]

1.d4 g6 2.e4 Bg7 3.Nc3 d6 4.Nf3 Nc6 5.h3 Nf6 6.Bf4 O-O 7.Qd2 Nxd4 8.Nxd4 e5
9.Be3 exd4 10.Bxd4 Re8 11.f3 c5 12.Bf2 d5 13.O-O-O d4 14.Bc4 Be6 15.Qe2 Qa5
16.Nb5 a6 17.Na3 b5 18.Bxe6 Rxe6 19.Kb1 Nd5 20.Qd2 Nc3+ 21.bxc3 dxc3 22.Qd5 Qxa3
23.Qb3 Qxb3+ 24.axb3 Rc6 25.Rd5 c4 26.bxc4 Rxc4 27.Rhd1 Rcc8 28.Bd4 Bf8 29.h4 b4
30.h5 a5 31.hxg6 hxg6 32.Rd3 Bg7 33.Bxg7 Kxg7 34.Rb5 Rc4 35.Rd7 a4 36.Rbb7 Kh6
37.Rxf7 Rd4 38.f4 Rh8 39.Rbc7 Rxe4 40.g4 Re1+ 41.Ka2 Rc1 42.g5+ Kh5 43.Rh7+ Rxh7
44.Rxh7+ Kg4 45.Rh2 Kf5 46.Re2 Rd1 47.Re5+ Kg4 48.Rc5 Rd2 49.Kb1 Rd7 50.f5 Kxg5
51.fxg6+ Kxg6 52.Ka2 Kf6 53.Ra5 Rd2 54.Rxa4 Rxc2+ 55.Kb1 Rb2+ 56.Ka1 Ke5
57.Ra5+ Ke4 58.Re5+ Kd3 59.Re3+ Kd2 60.Re2+ Kd3 61.Re3+ Kd4 62.Rd3+ Ke4 63.Re3+  1/2-1/2

[Event "Zaragoza op 11th"]
[Site "Zaragoza"]
[Date "1999.??.??"]
[Round "6"]
[White "Lopez Garcia, Fernando"]
[Black "Todorcevic, Miodrag"]
[Result "0-1"]
[WhiteElo "2205"]
[BlackElo "2465"]

1.e4 g6 2.d4 Bg7 3.Nc3 d6 4.g3 Nc6 5.Be3 e5 6.dxe5 Nxe5 7.f4 Nd7 8.Nge2 Ngf6
9.Bg2 O-O 10.O-O Re8 11.h3 Nb6 12.Qd3 c6 13.Rad1 d5 14.b3 Qe7 15.Bxb6 dxe4
16.Nxe4 axb6 17.N2c3 Bf5 18.Rde1 Rad8 19.Qf3 Nd5 20.Kh2 Nxc3 21.Nxc3 Qxe1
22.Rxe1 Rxe1 23.g4 Bxc2 24.Qf2 Bxc3 25.Qxc2 Re3 26.Qf2 Rdd3 27.g5 Be1 28.Qb2 Bg3+
29.Kg1 Rd1+ 30.Bf1 Rf3 31.Qe5 Rfxf1+ 32.Kg2 Rg1+  0-1

[Event "It B"]
[Site "Paretana ESP"]
[Date "2000.01.02"]
[Round "5"]
[White "Granados Gomez,M"]
[Black "Baches Garcia,G"]
[Result "1-0"]
[WhiteElo "2358"]
[BlackElo "2285"]

1.d4 d6 2.e4 g6 3.Nc3 Bg7 4.Nge2 Nc6 5.d5 Ne5 6.f4 Nd7 7.Nd4 c5 8.Nf3 a6
9.a4 Qc7 10.Be2 Ngf6 11.Nd2 O-O 12.O-O Rb8 13.Kh1 Ne8 14.a5 Qd8 15.Nc4 Nc7
16.Na4 Nb5 17.c3 Nf6 18.Bf3 e6 19.dxe6 Bxe6 20.Nab6 Bxc4 21.Nxc4 Re8 22.e5 dxe5
23.fxe5 Nd7 24.Bd5 Rf8 25.e6 Nf6 26.exf7+ Kh8 27.Nb6 Nxd5 28.Nxd5 Qd7 29.Nb6 Qxd1
30.Rxd1 Rxf7 31.Be3 Re8 32.Bxc5 h5 33.Rd2 Re5 34.Bg1 Ref5 35.Rd8+ Kh7 36.Nc4 Re7
37.Rad1 Rff7 38.Nb6 Re2 39.R8d2 Rxd2 40.Rxd2 Rf1 41.g3 Rf7 42.Kg2 Na7 43.Rd7 Kg8
44.Rxf7 Kxf7 45.Nd7 Nb5 46.Kf3 Nd6 47.Bd4 Bxd4 48.cxd4 Ke6 49.Nb6 Nb5 50.Ke4 Nd6+
51.Kf4 Kf6 52.Nd5+ Ke6 53.Nc3 Nf7 54.h4 Kd6 55.b4 Ke6 56.Ne4 Kd5 57.Nc5 Nd6
58.Kg5 Kxd4 59.Kxg6 Kc4 60.Kxh5 Kxb4 61.Kg6 Kxc5 62.h5  1-0

[Event "Hilton Open"]
[Site "Basel SUI"]
[Date "2000.01.03"]
[Round "5"]
[White "Schmid,Mar"]
[Black "Vulevic,V SUI"]
[Result "0-1"]
[WhiteElo "2128"]
[BlackElo "2266"]

1.e4 g6 2.d4 Bg7 3.Nc3 d6 4.Bc4 c6 5.Nf3 d5 6.exd5 b5 7.Bb3 b4 8.Ne4 cxd5
9.Nc5 Nf6 10.Bf4 O-O 11.Qd2 a5 12.Ba4 Ne4 13.Nxe4 dxe4 14.Ne5 Be6 15.Bh6 Bxh6
16.Qxh6 Qxd4 17.Nc6 Nxc6 18.Bxc6 Rac8 19.Rd1 Qc4 20.Ba4 Bg4 21.Rd2 Qxa2  0-1

[Event "Challengers"]
[Site "Hastings ENG"]
[Date "2000.01.05"]
[Round "8"]
[White "Beshukov,S"]
[Black "McDonald,N"]
[Result "1-0"]
[WhiteElo "2506"]
[BlackElo "2429"]

1.e4 g6 2.d4 Bg7 3.Nc3 d6 4.Nf3 a6 5.Be3 b5 6.a3 Bb7 7.Qd2 Nd7 8.d5 c5 9.dxc6 Bxc6
10.Nd4 Bb7 11.a4 b4 12.Nd5 Ngf6 13.Nxf6+ Nxf6 14.f3 Rb8 15.a5 O-O 16.Nb3 Nd7
17.Bd4 Bxd4 18.Nxd4 Nc5 19.h4 e5 20.Nb3 Nxb3 21.cxb3 f5 22.h5 g5 23.exf5 Rxf5
24.Rd1 e4 25.Bc4+ d5 26.O-O Qxa5 27.fxe4 Qc5+ 28.Qd4 Qxd4+ 29.Rxd4 Rxf1+
30.Bxf1 dxe4 31.Rxb4 a5 32.Rb6 e3 33.Be2 g4 34.Kh2 Kf7 35.Kg3 Ke7 36.Ba6 e2
37.Bxe2 Kd7 38.Ba6 Kc7 39.Rxb7+ Rxb7 40.Bxb7 Kxb7 41.Kxg4 Kc6 42.Kf5  1-0

[Event "Belgian Interteams 2000-1"]
[Site "BEL"]
[Date "2000.01.07"]
[Round "6"]
[White "Knors,R"]
[Black "Deleyn,G"]
[Result "1/2-1/2"]
[WhiteElo "2033"]
[BlackElo "2209"]

1.e4 g6 2.d4 Bg7 3.Nc3 d6 4.Be3 Nf6 5.Be2 O-O 6.g4 e5 7.dxe5 dxe5 8.Qxd8 Rxd8
9.h3 c6 10.Nf3 Nbd7 11.O-O-O Re8 12.Nd2 Bf8 13.Nc4 Bc5 14.Nd6 Bxe3+ 15.fxe3 Re7
16.Rhf1 Kg7 17.Bc4 Nc5 18.Bxf7 Be6 19.Bxe6 Nxe6 20.Rf2 Rf8 21.Rdf1 Ne8 22.Nxe8+ Rexe8
23.h4 Rxf2 24.Rxf2 Rf8 25.Rxf8 Nxf8 26.Kd2 Nd7  1/2-1/2

[Event "Belgian Interteams 2000-1"]
[Site "BEL"]
[Date "2000.01.07"]
[Round "6"]
[White "Van Beek,L"]
[Black "Luminet,D"]
[Result "1/2-1/2"]
[WhiteElo "2416"]
[BlackElo "2280"]

1.d4 g6 2.e4 Bg7 3.Nc3 d6 4.Be3 Nf6 5.h3 O-O 6.Nf3 e5 7.dxe5 dxe5 8.Bc5 Re8
9.Qxd8 Rxd8 10.Bc4 Nc6 11.Ng5 Rd7 12.Rd1 Nd8 13.Be7 h6 14.O-O hxg5 15.Bxd8 c6
16.Rxd7 Bxd7  1/2-1/2

[Event "VII Anibal Open"]
[Site "Linares ESP"]
[Date "2000.01.08"]
[Round "2"]
[White "Sharma,D"]
[Black "Dzhumaev,M"]
[Result "1-0"]
[WhiteElo "2327"]
[BlackElo "2457"]

1.e4 g6 2.d4 Bg7 3.Nc3 d6 4.Be3 c6 5.h4 b5 6.a3 Nd7 7.Bd3 Bb7 8.h5 Qc7 9.Nf3 Ngf6
10.hxg6 hxg6 11.Rxh8+ Bxh8 12.Ng5 a6 13.Qf3 e5 14.Qh3 Bg7 15.O-O-O Qd8 16.dxe5 dxe5
17.Nf3 Qe7 18.Bh6 Bxh6+ 19.Qxh6 O-O-O 20.Qg5 c5 21.g3 Qe6 22.Qh4 Qg4 23.Qxg4 Nxg4
24.Rf1 Nf8 25.Ng5 f6 26.Be2 Nh2 27.Rh1 fxg5 28.Rxh2 Rd6 29.Bg4+ Kc7 30.f3 Rf6
31.Nd1 Bc8 32.Ne3 Rf7 33.Rf2 Ne6 34.Nd5+ Kb7 35.Kd2 Nd4 36.Bxc8+ Kxc8 37.f4 gxf4
38.gxf4 exf4 39.Rxf4 Rh7 40.Rf8+ Kb7 41.Rf2 g5 42.c3 Nb3+ 43.Ke2 c4 44.Rg2 Rg7
45.e5 Kc6 46.Nf6 Nc5 47.Ke3 Rg6 48.Kf3 Rh6 49.Kg4 Rh1 50.Re2 Ne6 51.Rd2 Nc5
52.Rd6+ Kb7 53.Kxg5 Re1 54.Kf5 Rf1+ 55.Kg6 Re1 56.Nd7 Ne4 57.Rd4 Kc7 58.Kf5 Ng3+
59.Ke6 Nh5 60.Rg4 Rf1 61.Nf6  1-0

[Event "Troll Masters"]
[Site "Gausdal NOR"]
[Date "2000.01.11"]
[Round "3"]
[White "Anderton,D"]
[Black "Royset,P"]
[Result "1-0"]
[WhiteElo "2228"]
[BlackElo "2249"]

1.d4 d6 2.e4 g6 3.Nc3 Bg7 4.g3 Nc6 5.Be3 Nf6 6.h3 O-O 7.Bg2 e5 8.Nge2 exd4
9.Nxd4 Bd7 10.O-O Re8 11.f4 Qc8 12.Kh2 Nxd4 13.Bxd4 Bc6 14.Qd3 a6 15.g4 b5
16.Nd5 Bxd5 17.exd5 Nd7 18.Bxg7 Kxg7 19.a4 bxa4 20.Rxa4 Kg8 21.Qd4 Qb7 22.Rb4 Nb6
23.Rf2 Qc8 24.c4 a5 25.Rb5 Nd7 26.b3 Nc5 27.Ra2 Rb8 28.Qc3 Rxb5 29.cxb5 Nb7
30.Rc2 Nc5 31.Qxa5 Qb7 32.Qb4 Re3 33.Qd4 Rd3 34.Qf6 Rxb3 35.Qd8+ Kg7 36.f5 Qxb5
37.f6+ Kh6 38.h4 Qb8 39.Qe7 Qg8 40.g5+ Kh5 41.Rc4  1-0

[Event "V Ubeda Open"]
[Site "Ubeda ESP"]
[Date "2000.01.19"]
[Round "10"]
[White "Zakharov,AI"]
[Black "Dzhumaev,M"]
[Result "1/2-1/2"]
[WhiteElo "2426"]
[BlackElo "2483"]

1.e4 g6 2.d4 Bg7 3.Nc3 d6 4.Be3 c6 5.Qd2 b5 6.Bd3 Nd7 7.Nf3 Bb7 8.O-O a6
9.a4 Qb8 10.Rfe1 e5 11.axb5 cxb5 12.dxe5 dxe5 13.Nd5 Qd6 14.c4 bxc4 15.Bxc4 Ne7
16.Red1 Bxd5 17.Bxd5 Nxd5 18.Qxd5 Qxd5 19.Rxd5 Ke7 20.Rad1 Rhd8 21.Nd2 Nf6
22.Rxd8 Rxd8 23.f3 Rc8 24.Ra1 Rc6 25.Kf1 Nd7 26.Ra4 f5 27.Ke2 Ke6 28.Rb4 Bf8
29.Rc4 Rxc4 30.Nxc4 Bc5 31.Bxc5 Nxc5 32.b4 Nb3 33.Kd3 Nc1+ 34.Kc2 Ne2 35.Nd2 Nf4
36.g3 Ne2 37.Kd3 Nd4 38.f4 Nc6 39.Kc4 exf4 40.gxf4 fxe4 41.Nxe4 Kf5 42.Nc5 Kxf4
43.Nxa6 Kg4 44.b5 Na7 45.Nc7 h5 46.Kd5 Nxb5 47.Nxb5 Kh3 48.Ke4 Kxh2 49.Nd4 Kg2
50.Kf4 h4 51.Nf3 h3 52.Ne1+ Kf2 53.Nd3+ Kg1 54.Kg3 h2 55.Nf2 Kf1 56.Nh1 Kg1
57.Nf2 g5 58.Nh3+ Kf1 59.Kxh2 g4 60.Nf4  1/2-1/2

[Event "Corus B"]
[Site "Wijk aan Zee NED"]
[Date "2000.01.19"]
[Round "2"]
[White "Nisipeanu,LD"]
[Black "Avrukh,B"]
[Result "0-1"]
[WhiteElo "2611"]
[BlackElo "2620"]

1.e4 d6 2.d4 g6 3.Nc3 Bg7 4.f4 Nf6 5.Nf3 O-O 6.Be3 b6 7.Bc4 c5 8.Qe2 Nc6
9.e5 Ng4 10.O-O-O Nxe3 11.Qxe3 Bg4 12.dxc5 bxc5 13.Bd5 Qb6 14.h3 Bxf3 15.Bxf3 dxe5
16.Bxc6 Qxc6 17.fxe5 Rad8 18.g4 Rd4 19.Rhf1 Rfd8 20.Rde1 Qe6 21.b3 c4 22.Ne2 Rd2
23.Nf4 Qa6 24.Qxd2 Rxd2 25.Kxd2 Qa5+ 26.Kd1 Qxa2 27.bxc4 Qa1+ 28.Ke2 Qc3
29.Rd1  0-1

[Event "V Ubeda Open"]
[Site "Ubeda ESP"]
[Date "2000.01.22"]
[Round "4"]
[White "Holmsten,A"]
[Black "Dzhumaev,M"]
[Result "1-0"]
[WhiteElo "2364"]
[BlackElo "2483"]

1.e4 g6 2.d4 Bg7 3.Nc3 d6 4.f4 Nf6 5.e5 dxe5 6.dxe5 Qxd1+ 7.Kxd1 Ng4 8.Ke1 c6
9.h3 Nh6 10.g4 f6 11.exf6 exf6 12.Bc4 f5 13.g5 Nf7 14.Nf3 O-O 15.Be3 Re8
16.Kf2 Na6 17.Rhe1 Be6 18.Bxa6 Bxc3 19.bxc3 bxa6 20.Bc5 Bd5 21.a3 Be4 22.Rab1 Rad8
23.Rb7 Rd5 24.Bd4 Red8 25.Bf6 R8d7 26.Rb8+ Nd8 27.c4 R5d6 28.Ne5 Rd2+ 29.Re2 Rb7
30.Rxd2  1-0

[Event "Belgian Interteams 1999-2000"]
[Site "Antwerp BEL"]
[Date "2000.01.23"]
[Round "8"]
[White "Claesen,J"]
[Black "Tjiam,D"]
[Result "0-1"]
[WhiteElo "2267"]
[BlackElo "2329"]

1.e4 d6 2.Nc3 g6 3.d4 Bg7 4.Nf3 Nf6 5.Bf4 O-O 6.Qd2 c5 7.dxc5 dxc5 8.O-O-O Qa5
9.Bc4 Nc6 10.Rhe1 Bg4 11.Nd5 Nxd5 12.exd5 Qb6 13.c3 Na5 14.Bf1 e6 15.Bg5 exd5
16.Qxd5 Be6 17.Qd6 Bxa2 18.Qxb6 axb6 19.Rd6 Be6 20.Rxb6 h6 21.Be3 Rfd8 22.Nd2 c4
23.Rxe6 fxe6 24.Nxc4 Nxc4 25.Bxc4 Ra1+  0-1

[Event "V Ubeda Open"]
[Site "Ubeda ESP"]
[Date "2000.01.23"]
[Round "5"]
[White "Lobzhanidze,D"]
[Black "Rashkovsky,N"]
[Result "1/2-1/2"]
[WhiteElo "2448"]
[BlackElo "2523"]

1.e4 g6 2.d4 Bg7 3.Nc3 d6 4.f4 a6 5.Nf3 b5 6.Bd3 Bb7 7.e5 c5 8.e6 f5 9.dxc5 dxc5
10.Be3 Qc8 11.Qd2 Nf6 12.O-O-O Bxf3 13.gxf3 c4 14.Bxf5 O-O 15.Bh3 Nc6 16.Ne4 Nxe4
17.fxe4 c3 18.Qd7 cxb2+ 19.Kb1 Nb4 20.Qxc8 Raxc8 21.Rd2 Rc3 22.Re1 Rfc8 23.Ree2 Nxa2
24.e5 Ra3 25.Kxb2 b4 26.Rd3 Rxd3 27.cxd3 Nc3 28.Re1 a5 29.Kb3 Nd5 30.Bd2 Bh6
31.Rf1 Rf8 32.Bg2 Bxf4 33.Bxd5 Bxd2 34.Rf7 Rxf7 35.exf7+ Kf8 36.e6 g5 37.h3 h5
38.Bf3 g4 39.hxg4 h4 40.Bg2 Be3 41.Kc4 Bd2 42.Kb3  1/2-1/2

[Event "Israeli League"]
[Site "Ramat Aviv ISR"]
[Date "2000.01.28"]
[Round "3"]
[White "Tsifanskaya,L"]
[Black "Dotan,V"]
[Result "1-0"]
[WhiteElo "2211"]
[BlackElo "2062"]

1.e4 d6 2.d4 g6 3.Nc3 Bg7 4.Be3 Nf6 5.Qd2 c6 6.Bh6 Bxh6 7.Qxh6 Qb6 8.O-O-O Qa5
9.Qd2 Be6 10.d5 cxd5 11.exd5 Bf5 12.Nf3 O-O 13.Nd4 Bd7 14.h4 Na6 15.Nb3 Qc7
16.h5 Nc5 17.Rh4 Nxb3+ 18.axb3 Rac8 19.Bd3 Bf5 20.Bxf5 gxf5 21.Qg5+ Kh8 22.Qxf5 Rg8
23.Rc4 Qd7 24.Qxd7 Nxd7 25.Rxc8 Rxc8 26.Re1 Re8 27.Nb5 Nf6 28.Nc7 Rf8 29.Rxe7 a6
30.c4 Kg8 31.g4 Nxg4 32.Ne8 Nxf2 33.Nxd6 Nd3+ 34.Kd2 Nf4 35.Nxb7 Nxh5 36.d6 Kg7
37.d7  1-0

[Event "Rapidplay"]
[Site "Aubervilliers FRA"]
[Date "2000.01.30"]
[Round "4"]
[White "Bouchet,S"]
[Black "Tkachiev,V"]
[Result "0-1"]
[WhiteElo "2178"]
[BlackElo "2670"]

1.e4 d6 2.d4 g6 3.Nc3 Bg7 4.Nf3 Nf6 5.Bd3 O-O 6.O-O Bg4 7.h3 Bxf3 8.Qxf3 Nc6
9.Be3 Nd7 10.d5 Nce5 11.Qe2 c6 12.Rfe1 Rc8 13.Rac1 Qa5 14.Bd2 Qc7 15.f4 Nxd3
16.cxd3 a6 17.Be3 c5 18.b3 b5 19.Rc2 Qb7 20.Rec1 Rc7 21.Nb1 Rfc8 22.Nd2 Nb6
23.Qf2 a5 24.Kh1 Qa6 25.Qg1 Na8 26.Qf1 a4 27.Qe2 axb3 28.axb3 Qa3 29.Qf2 Nb6
30.Qg1 Qb4 31.Rb1 Ra7 32.Qf2 Rca8 33.Kh2 Ra1 34.Rbc1 Rxc1 35.Rxc1 Ra2 36.Rd1 Bc3
37.Qh4 Rxd2 38.Bxd2 Bxd2 39.Qxe7 Bxf4+ 40.g3 Be5 41.Qd8+ Kg7 42.Qxb6 Qxb3
43.Rg1 Qxd3 44.Rg2 b4  0-1

[Event "5th HIT Open"]
[Site "Nova Gorica SLO"]
[Date "2000.02.03"]
[Round "3"]
[White "Krivec,J"]
[Black "Rudolf,Hen"]
[Result "0-1"]
[WhiteElo "2188"]
[BlackElo "2308"]

1.e4 g6 2.d4 Bg7 3.Nc3 d6 4.Bg5 Nd7 5.Qd2 a6 6.f4 b5 7.Nf3 Bb7 8.e5 c5 9.exd6 cxd4
10.dxe7 Nxe7 11.Nxd4 Nc5 12.O-O-O O-O 13.Qe2 Re8 14.Ne6 Nxe6 15.Rxd8 Raxd8
16.Qg4 h5 17.Qh3 Nxg5 18.fxg5 Nf5 19.Bd3 Re3 20.Bxf5 Rxh3 21.Bxh3 Be5 22.a3 Kg7
23.Kb1 Bf4 24.Re1 Bxg5 25.g3 Rd2 26.Re2 Bf3 27.Rxd2 Bxd2 28.Bf1 f5 29.Ne2 Be3
30.b3 g5 31.c4 bxc4 32.bxc4 Kf6 33.Nc3 Ke5 34.Kc2 Bg1 35.h3 Bf2 36.Ne2 Bc5
37.a4 Bc6 38.Kb3 f4 39.gxf4+ gxf4 40.Nc1 Kd4 41.Nd3 Bd6 42.c5 Bd5+ 43.Kc2 Bc7
44.Nxf4 Bxf4 45.Bxa6 h4 46.Bc8 Be4+ 47.Kd1 Bf3+ 48.Ke1 Ke3 49.Kf1 Bc7 50.Bg4 Bc6
51.Bd1 Ba5 52.Bb3 Kf3 53.Bc4 Kg3 54.Be6 Bb4 55.Bc8 Bxc5 56.a5 Bg2+ 57.Ke2 Bxh3
58.Bb7 Bg4+  0-1

[Event "5th HIT Open"]
[Site "Nova Gorica SLO"]
[Date "2000.02.04"]
[Round "4"]
[White "Rudolf,Hen"]
[Black "Chatalbashev,B"]
[Result "1/2-1/2"]
[WhiteElo "2308"]
[BlackElo "2522"]

1.e4 g6 2.d4 Bg7 3.Nc3 d6 4.Nf3 Nf6 5.Be2 O-O 6.O-O c6 7.Re1 Nbd7 8.a4 e5
9.Bf1 Qc7 10.h3 b6 11.d5 cxd5 12.exd5 a6 13.Nd2 Nh5 14.Nc4 f5 15.Bg5 Nhf6
16.f4 e4 17.g4 fxg4 18.hxg4 Nxg4 19.Nxe4 Ndf6 20.Ncxd6 Nxe4 21.Nxe4 Bf5 22.Qd2 Rae8
23.Bd3 Bxe4 24.Rxe4 Qc5+ 25.Kg2 Bxb2 26.Rb1 Bc3 27.Qe2 Rxe4 28.Qxe4 Ne3+
29.Kf3 Nf5 30.Qe6+ Kg7 31.Bxf5 Rxf5 32.Rd1 Qf8 33.Qe7+ Rf7 34.Qxf8+ Kxf8
35.d6 Ke8 36.Ke4 Kd7 37.Rd3 Bb4 38.Be7 Bc5 39.Rd5 a5 40.c3 Kc6 41.c4 Kd7
42.Rd3  1/2-1/2

[Event "5th HIT Open"]
[Site "Nova Gorica SLO"]
[Date "2000.02.04"]
[Round "4"]
[White "Mar,K"]
[Black "Djurkovic,M"]
[Result "0-1"]
[WhiteElo "2029"]
[BlackElo "2155"]

1.e4 g6 2.d4 Bg7 3.Nc3 d6 4.Bg5 Nd7 5.f4 a6 6.Nf3 b5 7.Bd3 c5 8.dxc5 Nxc5
9.Qd2 Bb7 10.O-O-O Qa5 11.Kb1 Bxc3 12.Qxc3 Qxc3 13.bxc3 Bxe4 14.Bh4 Na4 15.Be1 Bxf3
16.gxf3 Rc8 17.Be4 Rc7 18.Rd3 Nf6 19.Bd2 O-O 20.f5 Rfc8 21.fxg6 hxg6 22.Re3 Nxc3+
23.Bxc3 Rxc3 24.Bd3 Nd5 25.Re4 a5 26.Rhe1 e5 27.Rg4 Nf4 28.Bf5 R8c5 29.Rg3 Kf8
30.Be4 a4 31.Rd1 Ke7 32.Rd2 a3 33.Rg1 R5c4 34.Rgd1 f5 35.Bb7 Rc7 36.Ba6 d5
37.Re1 Kf6 38.Kc1 Nd3+ 39.Kd1 Nxe1 40.Kxe1 R3c5 41.Kd1 Rd7  0-1

[Event "NED-chT"]
[Site "Amsterdam NED"]
[Date "2000.02.05"]
[Round "1"]
[White "Geurink,J"]
[Black "Bouwmeester,A"]
[Result "1/2-1/2"]
[WhiteElo "2300"]
[BlackElo "2271"]

1.e4 d6 2.d4 g6 3.Nc3 Bg7 4.Be3 c6 5.Qd2 Nd7 6.Bd3 e5 7.Nf3 Ngf6 8.O-O O-O
9.h3 Qe7 10.b4 d5 11.dxe5 Nxe4 12.Nxe4 dxe4 13.Bxe4 Nxe5 14.Bc5 Nxf3+ 15.Bxf3 Rd8
16.Bxe7 Rxd2 17.Rad1 Rxd1 18.Rxd1 Be6 19.a3 a6 20.a4 Bf8 21.Bf6 Bg7 22.Be7 Bf8
23.Bf6 Bg7 24.Be7  1/2-1/2

[Event "Extraliga CZE"]
[Site "Ostrava CZE"]
[Date "2000.02.05"]
[Round "8"]
[White "Chernyshov,K"]
[Black "Tibensky,R"]
[Result "1/2-1/2"]
[WhiteElo "2483"]
[BlackElo "2432"]

1.d4 g6 2.e4 Bg7 3.Nc3 d6 4.g3 Nc6 5.Be3 e5 6.dxe5 Nxe5 7.h3 Ne7 8.Qd2 Be6
9.O-O-O O-O 10.g4 f5 11.f4 N5c6 12.gxf5 gxf5 13.Nf3 Kh8 14.Nd4 Qd7 15.Rg1 Rg8
16.Bb5 a6 17.Ba4 Bf7 18.Nxc6 Nxc6 19.Bxc6 bxc6 20.Bd4 Bg6 21.Qf2 Bxd4 22.Qxd4+ Qg7
23.e5 dxe5 24.fxe5 Rge8 25.Rde1 Qh6+ 26.Kb1 Rad8 27.Qc4 f4 28.e6 f3 29.Ne4 Qg7
30.Qxc6 Qe5 31.Nf2 Qd4 32.e7 Rb8 33.b3 Rb6 34.Qxf3 Rf6 35.Rd1 Rxf3 36.Rxd4 Rxe7
37.Nd3 Rxh3 38.Nf4 Rh6 39.Rd8+ Kg7 40.Ra8 Kf7 41.Nxg6 Rxg6 42.Rxg6 Kxg6 43.Rxa6+ Kg5
44.Ra8 h5 45.Rh8 h4 46.a4 Kg4 47.Kb2 Re5 48.b4 Rh5 49.Rg8+ Rg5 50.Rd8 h3
51.Rd4+ Kg3 52.Rd3+ Kh4 53.Rd2 Kg4 54.Rd4+ Kg3 55.Rd3+ Kg4  1/2-1/2

[Event "NED-chT"]
[Site "Amsterdam NED"]
[Date "2000.02.06"]
[Round "2"]
[White "Deegens,V"]
[Black "Carlier,B"]
[Result "1-0"]
[WhiteElo "2313"]
[BlackElo "2418"]

1.e4 g6 2.d4 Bg7 3.Nc3 d6 4.Bg5 Nf6 5.Qd2 c6 6.Bh6 Bxh6 7.Qxh6 Qa5 8.Bd3 c5
9.Ne2 cxd4 10.Nxd4 Nc6 11.Nb3 Qh5 12.Qd2 g5 13.f3 Be6 14.O-O-O Bxb3 15.axb3 g4
16.f4 Qa5 17.Kb1 Nb4 18.e5 dxe5 19.fxe5 Qxe5 20.Rhe1 Qxh2 21.Bb5+ Kf8 22.Qe3 Qc7
23.Qh6+ Kg8 24.Rd4 a6 25.Bd7 Rd8 26.Rxe7  1-0

[Event "NED-chT"]
[Site "Amsterdam NED"]
[Date "2000.02.06"]
[Round "2"]
[White "Van der Werf,M"]
[Black "Piket,M"]
[Result "1/2-1/2"]
[WhiteElo "2432"]
[BlackElo "2345"]

1.d4 g6 2.e4 Bg7 3.Nc3 d6 4.Nge2 Nc6 5.d5 Ne5 6.f4 Nd7 7.Nd4 Ngf6 8.Be2 c6
9.Be3 cxd5 10.exd5 O-O 11.Bf3 Nb6 12.Qd3 Bg4 13.O-O Rc8 14.Rad1 Nc4 15.Bc1 Bxf3
16.Rxf3 Qa5 17.b3 Nb6 18.Nde2 Ng4 19.g3 Qc5+  1/2-1/2

[Event "FSGM January"]
[Site "Budapest HUN"]
[Date "2000.02.06"]
[Round "2"]
[White "Szabo,Zso2"]
[Black "Burnett,R"]
[Result "0-1"]
[WhiteElo "2429"]
[BlackElo "2437"]

1.e4 g6 2.d4 Bg7 3.Nc3 d6 4.Nf3 a6 5.a4 Nf6 6.Be2 O-O 7.O-O Nc6 8.d5 Ne5
9.Nxe5 dxe5 10.Be3 e6 11.Qd2 exd5 12.exd5 Bf5 13.Rad1 Re8 14.h3 h5 15.Rfe1 Qd6
16.Bc4 Nd7 17.Ne2 h4 18.Bg5 Bf6 19.Bxf6 Nxf6 20.Nc3 Kg7 21.Bd3 e4 22.Bc4 Re7
23.Re3 Rae8 24.Qd4 Kh7 25.Be2 Re5 26.Qa7 Bc8 27.Qd4 Bd7 28.b4 g5 29.Qc5 Qxc5
30.bxc5 c6 31.dxc6 Bxc6 32.Rd6 R5e6 33.Rxe6 Rxe6 34.Bc4 Re7 35.f3 Kg7 36.Bb3 Re8
37.fxe4 Nxe4 38.Nxe4 Rxe4 39.Rd3 Re2 40.Bd5 Rxc2 41.Bxc6 bxc6 42.Rd6 Rxc5
43.Kf2 f6 44.Ke3 Kg6  0-1

[Event "Extraliga CZE"]
[Site "Ostrava CZE"]
[Date "2000.02.06"]
[Round "9"]
[White "Walek,M"]
[Black "Nedela,V"]
[Result "0-1"]
[WhiteElo "2343"]
[BlackElo "2405"]

1.e4 g6 2.d4 Bg7 3.Nc3 d6 4.h3 Nd7 5.Nf3 e6 6.Bd3 Ne7 7.Be3 b6 8.Qd2 h6 9.O-O-O Bb7
10.Nh2 a6 11.f4 c5 12.Nf3 Qc7 13.Rhf1 c4 14.Be2 b5 15.a3 Nf6 16.d5 exd5 17.e5 dxe5
18.fxe5 Ne4 19.Nxe4 dxe4 20.Nd4 Nd5 21.e6 f5 22.c3 Nxe3 23.Qxe3 O-O 24.g3 Rae8
25.h4 Qe5 26.a4 Kh7 27.Kc2 Re7 28.axb5 axb5 29.Ra1 b4 30.Ra4 bxc3 31.bxc3 h5
32.Rfa1 Bh6 33.Qg1 f4 34.Ra5 Qc7 35.gxf4 Qxf4 36.Bxc4 Qxh4 37.Kb3 e3 38.Bd3 Be4
39.Bb5 Bd5+ 40.Kb4 Bxe6 41.Ra6 Bg7 42.Bd3 Rb7+ 43.Ka4 Bb3+ 44.Ka3 Qe7+ 45.Kb2 Bc4+
46.Kc2 Rf2+ 47.Ne2 Rxe2+ 48.Bxe2 Qe4+  0-1

[Event "5th HIT Open"]
[Site "Nova Gorica SLO"]
[Date "2000.02.07"]
[Round "7"]
[White "Mestrovic,Z"]
[Black "Djurkovic,M"]
[Result "1-0"]
[WhiteElo "2456"]
[BlackElo "2155"]

1.Nc3 d6 2.d4 g6 3.e4 Bg7 4.Be2 c6 5.h4 Qb6 6.Nf3 Bg4 7.Ng1 Bd7 8.Nf3 Bg4
9.Ng5 Bxe2 10.Nxe2 Nf6 11.Qd3 h6 12.Nf3 Nbd7 13.Ng3 e6 14.O-O d5 15.e5 Ng8
16.h5 g5 17.Nh2 Ne7 18.Ng4 c5 19.c3 Qa6 20.Qf3 Nc6 21.Be3 O-O 22.Nf6+ Bxf6
23.exf6 cxd4 24.cxd4 Qd3 25.Rad1 Qh7 26.Rc1 Qh8 27.Qd1 Nxf6 28.f4 Nh7 29.Qd2 f5
30.b4 a6 31.a4 g4 32.b5 axb5 33.axb5 Na5 34.Rc7 Nc4 35.Qe2 Rf7 36.Rc5 Qf6
37.Re1 Nf8 38.Bf2 Rd7 39.Nf1 Ra3 40.Rc8 Kg7 41.Rd1 Qf7 42.Be1 Rb3 43.Ra1 Rc7
44.Rb8 Nd7 45.Rd8 Rb2 46.Qd3 Ndb6 47.Ne3 Qxh5 48.Nxc4 Rxc4 49.Qa3 Rcb4 50.Bxb4 Nc4
51.Bf8+ Kg6 52.Qg3 Nd2 53.Bd6 Rb3 54.Qe1 Ne4 55.Be5 g3 56.Rg8+ Kf7  1-0

[Event "5th HIT Open"]
[Site "Nova Gorica SLO"]
[Date "2000.02.07"]
[Round "7"]
[White "Rogulj,B"]
[Black "Sale,S"]
[Result "1-0"]
[WhiteElo "2437"]
[BlackElo "2425"]

1.e4 g6 2.Nc3 Bg7 3.d4 d6 4.f4 c6 5.Nf3 Qb6 6.Bc4 Nh6 7.h3 d5 8.Bb3 dxe4
9.Nxe4 Nf5 10.c3 O-O 11.g4 Nd6 12.Nc5 Nd7 13.Be3 Nf6 14.Ne5 Nd5 15.Qf3 a5
16.Ned7 Bxd7 17.Nxd7 Qb5 18.Nxf8 Kxf8 19.Rh2 Nxe3 20.Qxe3 a4 21.Bd1 a3 22.b4 Re8
23.Be2 Qd5 24.Kf2 g5 25.Bf3 gxf4 26.Qd2 Qc4 27.Kg2 e5 28.dxe5 Bxe5 29.Rc1 Ne4
30.Bxe4 Qxe4+ 31.Kf1 f3 32.Qh6+ Kg8 33.Qg5+ Kh8 34.Rf2 Bxc3 35.Kg1 Bd4 36.Qh4 Qf4
37.Rd1 Re2 38.Qd8+ Kg7 39.Qxd4+ Qxd4 40.Rxd4  1-0